Гипергенный кварц коры выветривания ультраосновных пород; Материалы по минералогии, петрографии и полезным ископаемым Западной Сибири

Bibliographic Details
Parent link:Материалы по минералогии, петрографии и полезным ископаемым Западной Сибири.— 1962.— С. 26-28
Main Author: Бакиров А. Г. Александр Григорьевич
Language:Russian
Published: 1962
Subjects:
Format: Book Chapter
KOHA link:https://koha.lib.tpu.ru/cgi-bin/koha/opac-detail.pl?biblionumber=175265

MARC

LEADER 00000naa2a2200000 4500
001 175265
005 20231031165028.0
035 |a (RuTPU)RU\TPU\book\190035 
035 |a RU\TPU\tpu\1986 
090 |a 175265 
100 |a 20100211d1962 k y0rusy50 ca 
101 0 |a rus 
102 |a RU 
200 1 |a Гипергенный кварц коры выветривания ультраосновных пород  |f А. Г. Бакиров 
320 |a Библиогр.: с. 28 (9 назв.) 
463 0 |0 (RuTPU)RU\TPU\book\169849  |t Материалы по минералогии, петрографии и полезным ископаемым Западной Сибири  |f Московское общество испытателей природы (МОИП), Томское отделение ; под ред. И. К. Баженов ; под ред. И. К. Баженова  |v С. 26-28  |d 1962  |p 180 с. 
610 1 |a геолого-географические науки 
610 1 |a труды учёных ТПУ 
700 1 |a Бакиров  |b А. Г.  |c российский геолог  |c профессор Томского политехнического университета  |f 1915-2009  |g Александр Григорьевич  |2 stltpush  |3 (RuTPU)RU\TPU\pers\12439 
801 0 |a RU  |b 63413507  |c 20011210  |g PSBO 
801 2 |a RU  |b 63413507  |c 20121224  |g PSBO 
942 |c BK